| 000 | 00623nam a2200229Ia 4500 | ||
|---|---|---|---|
| 003 | OSt | ||
| 005 | 20230526162122.0 | ||
| 008 | 210423s2001 xx 000 0 und d | ||
| 040 | _cAL | ||
| 041 | _aeng | ||
| 082 |
_a658 _223 _bWEIM |
||
| 100 |
_aWEIHRICH (Heinz);KOONTZ (Harold) _975929 |
||
| 245 | _aManagement: a global perspective Ed 10 | ||
| 250 | _a10 | ||
| 260 |
_aNew Delhi _bTata McGraw-hill _c2001 |
||
| 300 |
_a744 _bPB |
||
| 365 |
_b295 _cINR |
||
| 650 |
_aManagement _975930 |
||
| 650 |
_aManagement & Auxiliary Services 650 _975931 |
||
| 906 | _aglobal ; Management: ; perspective. | ||
| 942 |
_2ddc _cBK |
||
| 999 |
_c173441 _d173441 |
||